000
00348nam a2200121Ia 4500
003
GCL
008
140319s9999 xx 000 0 ara d
040
_a
GCL /
_c
GCL
082
0
4
_a
415.1
_b
ت ك
245
1
0
_a
كتاب تهذيب اصلاح المنطق
260
_a
[S.N] :
_b
الهيئة المصرية العامة للكتاب ،
_c
1986
490
_a
999
_c
29723
_d
29723